| Tag |
First Indicator |
Second Indicator |
Subfields |
| LEADER |
00000cam a2200000 4500 |
| 001 |
in00000038202 |
| 005 |
20151007080906.0 |
| 008 |
800424s1956 enk 00000 eng d |
| 035 |
|
|
|a (OCoLC)06241028
|
| 035 |
|
|
|9 AAF5551AM
|
| 040 |
|
|
|a TXA
|c TXA
|d UtOrBLW
|
| 049 |
|
|
|a TXAM
|c [275708]
|
| 090 |
|
|
|a BT999
|b .U5 1956
|
| 092 |
|
|
|a 238.1
|b U56s
|
| 100 |
1 |
|
|a Underhill, Evelyn,
|d 1875-1941.
|
| 245 |
1 |
4 |
|a The school of charity :
|b meditations on the Christian creed. The mystery of sacrifice, a meditation on the liturgy.
|
| 264 |
|
1 |
|a London :
|b Longmans, Green,
|c [1956]
|
| 264 |
|
4 |
|c [©1956]
|
| 300 |
|
|
|a xvi, 111, 77 pages
|
| 336 |
|
|
|a text
|b txt
|2 rdacontent
|
| 337 |
|
|
|a unmediated
|b n
|2 rdamedia
|
| 338 |
|
|
|a volume
|b nc
|2 rdacarrier
|
| 630 |
0 |
0 |
|a Nicene Creed
|x Meditations.
|
| 650 |
|
0 |
|a Lord's Supper
|v Prayers and devotions
|x English.
|
| 740 |
4 |
|
|a The mystery of sacrifice.
|
| 999 |
|
|
|a MARS
|
| 999 |
f |
f |
|s d6ec2800-5e83-3dd9-8656-3d2b0b46afa2
|i 210bba88-5d63-30eb-98f6-09377e337365
|t 0
|
| 952 |
f |
f |
|p ric
|a Texas A&M University
|b Rellis Campus
|c Joint Library Facility
|d Remote Storage
|t 0
|e BT999 .U5 1956
|h Library of Congress classification
|i unmediated -- volume
|m A14800609186
|
| 998 |
f |
f |
|a BT999 .U5 1956
|t 0
|l Remote Storage
|